|
|
|
|
| LEADER |
00000nab a2200000 a 4500 |
| 001 |
vtls010488432 |
| 003 |
SK-MaSNL |
| 005 |
20260318133130.0 |
| 008 |
171120c2013 xo w| 000 0|hun |
| 015 |
|
|
|a SNBRB2013/01
|
| 038 |
|
|
|a DSZK
|
| 040 |
|
|
|a DSZK
|b slo
|c DSZK
|e AACR2
|
| 041 |
0 |
|
|a hun
|
| 044 |
|
|
|a xo
|c SK
|
| 080 |
|
|
|a 625.42
|x (73)
|2 2001
|
| 100 |
1 |
|
|a Molnár, Miriam,
|d 1971-
|4 aut
|9 767941
|
| 245 |
1 |
0 |
|a New York City
|b Subway, vagy ahogy mi ismerjük, a metró
|c Molnár Miriam
|
| 300 |
|
|
|b Fotogr.
|
| 500 |
|
|
|a Autorka pochádza z Veľkého Medera, v súčasnosti býva v New Yorku
|
| 610 |
2 |
7 |
|a New York Subway (metro)
|2 dszk
|9 1237337
|
| 650 |
0 |
7 |
|a rodáci
|2 snkbucl
|9 30842
|
| 650 |
0 |
7 |
|a metro
|2 dszk
|9 58330
|
| 650 |
0 |
7 |
|a cestovanie
|2 dszk
|9 18846
|
| 651 |
|
7 |
|a New York (N.Y.)
|2 dszk
|9 19319
|
| 651 |
|
7 |
|a Veľký Meder (Slovensko)
|2 SNKPHgeo
|9 19224
|
| 651 |
|
7 |
|a Dunajská Streda (Slovensko)
|2 dszk
|9 17375
|
| 773 |
0 |
|
|t Vasárnap
|g Évf. 46, sz. 5 (2013), o. 22-23
|
| 852 |
|
|
|a DSZK
|b KIS3GCP
|
| 958 |
|
|
|a HU
|
| 958 |
|
|
|a SK
|
| 958 |
|
|
|a US
|
| 999 |
|
|
|c 2188285
|d 2190215
|